• 首页
  • 本馆介绍
  • 公告通知
  • 最新文献
  • 馆藏检索
  • 电子资源
  • 读者导购
  • 参考咨询
  • 我的图书馆
  • 登录
  • 详细信息显示
  • 放入我的书架
  • 预约/预借图书
  • 作者相关作品
  • 分类相关作品
  • 丛书相关作品
  • 出版社相关作品

书目信息

  • 表格格式
  • 工作单格式
  • 卡片格式
题名:
水知道答案
    
 
作者: 江本胜 著 ;猿渡静子 译
分册:  
出版信息: 海口   南海出版公司  2009
页数: 166页
开本: 21cm
丛书名: 新经典文库
单 册:
中图分类: O742-49
科图分类:
主题词: 结晶水--普及读物
电子资源:
ISBN: 978-7-5442-4434-3
000 01114oam2 2200277 450
001 1569954875
005 20150118140628.93
010    @a978-7-5442-4434-3@dCNY20.00
100    @a20090616d2009 em y0chiy50 ea
101 1  @achi@cjpn
102    @aCN@b460000
105    @aa z 000yy
200 1  @a水知道答案@9shui zhi dao da an@dWater knows answers@ethe hidden messages in water crystals@f(日)江本胜著@g(日)猿渡静子译@zeng
205    @a2版
210    @a海口@c南海出版公司@d2009
215    @a166页@c彩照@d21cm
225 2  @a新经典文库@v025
330    @a本书作者自1994年起,开始在冷冻室中拍摄和观察水结晶,逐渐发现水具有复制、记忆、感受和传达信息的能力。本书收录了122幅前所未见的水结晶照片,向世人展示了这一项罕见的独特观察:如水能听,水能看,水知道生命的答案。
461  0 @12001 @a新经典文库
510 1  @aWater knows answers@ethe hidden messages in water crystals@zeng
606 0  @a结晶水@j普及读物
690    @aO742-49@v5
701  0 @c(日)@a江本胜@9jiang ben sheng@f(1943~)@4著
702  0 @c(日)@a猿渡静子@9yuan du jing zi@c(女)@4译
801  0 @aCN@bTSSF@c20150118
905    @aZUCC@dO742-49@eJY1=2
    
    水知道答案=Water knows answers:the hidden messages in water crystals/(日)江本胜著/(日)猿渡静子译.-2版.-海口:南海出版公司,2009
    166页:彩照;21cm.-(新经典文库;025)
    
    
    ISBN 978-7-5442-4434-3:CNY20.00
    本书作者自1994年起,开始在冷冻室中拍摄和观察水结晶,逐渐发现水具有复制、记忆、感受和传达信息的能力。本书收录了122幅前所未见的水结晶照片,向世人展示了这一项罕见的独特观察:如水能听,水能看,水知道生命的答案。
●
相关链接 在E读中查询图书 在五车中查询图书 在当当中查询图书 在豆瓣中查询图书


正题名:水知道答案     索取号:O742-49/JY1=2         预约/预借

序号 登录号 条形码 馆藏地/架位号 状态 备注
1 7852372   278523723   学院路分馆/ [索取号:O742-49/JY1=2] 在馆    
唐山师范学院图书馆 欢迎您!
大连网信软件有限公司© 版权所有